[Event "Rated Blitz game"]
[Site "?"]
[Date "2021.10.18"]
[Round "?"]
[White "hulkkkkk"]
[Black "King_bg03"]
[Result "0-1"]
[WhiteElo "2465"]
[BlackElo "2540"]
[PlyCount "128"]
[EventDate "2021.??.??"]
[EventType "blitz"]

1. e4 e5 2. Nf3 d5 3. Nc3 dxe4 4. Nxe4 f5 5. Ng3 e4 6. Ne5 Nf6 7. d4 Bd6 8. Bc4
Bxe5 9. dxe5 Qxd1+ 10. Kxd1 Ng4 11. Ke2 Nxe5 12. Bb3 Nbc6 13. c3 Bd7 14. Bf4
Nd3 15. Bxc7 Rc8 16. Bd6 Nxb2 17. Rab1 Nd3 18. Rhd1 Nce5 19. f3 Rxc3 20. fxe4
f4 21. Nf5 g6 22. Ng7+ Kd8 23. Ne6+ Kc8 24. Bxe5 Nxe5 25. Nxf4 Bg4+ 26. Ke1
Bxd1 27. Rxd1 Kb8 28. Rd5 Re3+ 29. Kd2 Rxe4 30. Ne2 Re8 31. Nc3 Rf4 32. g3 Rf2+
33. Kc1 Rxh2 34. Na4 b6 35. Nb2 Rc8+ 36. Kb1 Nf3 37. Nd1 Nd2+ 38. Kb2 Nxb3+ 39.
Kxb3 Rh3 40. Rd3 Rc1 41. Nc3 Rg1 42. Ne4 h5 43. Kb4 h4 44. Rd8+ Kc7 45. Rg8
Rgxg3 46. Nxg3 Rxg3 47. Rh8 g5 48. a4 h3 49. Kb5 Rb3+ 50. Ka6 Ra3 51. Kb5 a6+
52. Kb4 Rg3 53. Rh7+ Kc6 54. Rh6+ Kd5 55. Rxb6 g4 56. Rh6 Rg2 57. Ka5 h2 58.
Kxa6 g3 59. Kb7 Rg1 60. a5 Rb1+ 61. Kc7 h1=Q 62. Rd6+ Kc5 63. a6 Qc6+ 64. Rxc6+
Kd5 {Time forfeit} 0-1

[Event "Rated Blitz game"]
[Site "?"]
[Date "2021.10.18"]
[Round "?"]
[White "pusydestoyer"]
[Black "Annali-annaliew1979"]
[Result "1-0"]
[WhiteElo "2481"]
[BlackElo "2434"]
[PlyCount "77"]
[EventDate "2021.??.??"]
[EventType "blitz"]

1. e4 e5 2. Nf3 d5 3. exd5 e4 4. Nd4 c5 5. Ne2 f5 6. d4 Nf6 7. Nbc3 a6 8. Nf4
Bd6 9. Be3 b6 10. dxc5 bxc5 11. Ne6 Qe7 12. Bc4 Nbd7 13. O-O Ne5 14. Bb3 Bd7
15. Ne2 c4 16. N2d4 Bxe6 17. dxe6 g6 18. Ba4+ Kf8 19. Bh6+ Kg8 20. b3 Nfg4 21.
Bf4 Rd8 22. h3 Nf6 23. bxc4 h6 24. Bxe5 Bxe5 25. Nc6 Rxd1 26. Nxe7+ Kf8 27.
Nxg6+ Kg7 28. Raxd1 Kxg6 29. c5 Rc8 30. e7 Kf7 31. Rd8 Rxc5 32. e8=Q+ Nxe8 33.
Rxe8 Ra5 34. Rd1 Bf4 35. g3 Bg5 36. Bd7 e3 37. fxe3 Bxe3+ 38. Kg2 Kf6 39. Rxe3
{Normal} 1-0

[Event "Rated Blitz game"]
[Site "?"]
[Date "2021.10.18"]
[Round "?"]
[White "ElAdversario"]
[Black "KamranShirazi"]
[Result "1-0"]
[WhiteElo "2581"]
[BlackElo "2546"]
[PlyCount "75"]
[EventDate "2021.??.??"]
[EventType "blitz"]

1. e4 e5 2. Nf3 d5 3. exd5 e4 4. Qe2 Nf6 5. Nc3 Be7 6. Nxe4 Nxd5 7. d3 O-O 8.
Qd1 f5 9. Nc3 Bb4 10. Bd2 Re8+ 11. Be2 Bxc3 12. bxc3 Qf6 13. d4 Qe7 14. Ne5 Nd7
15. Bc4 Nxe5 16. Bxd5+ Nf7+ 17. Kf1 Be6 18. Bb3 c5 19. h4 c4 20. Ba4 Reb8 21.
Rb1 Nd6 22. Bf4 b5 23. d5 Bf7 24. Bxd6 Qxd6 25. Bxb5 Bxd5 26. Kg1 Rb6 27. Ba4
Ra6 28. Bb5 Rb6 29. Ba4 Rab8 30. Rb4 Rxb4 31. cxb4 Rxb4 32. c3 Rb2 33. Bc2 Qe5
34. h5 h6 35. Rh3 Rxa2 36. Re3 Be4 37. Bxe4 fxe4 38. Qd8+ {Time forfeit} 1-0

[Event "Rated Blitz tournament 3aOtblIb"]
[Site "?"]
[Date "2021.10.17"]
[Round "?"]
[White "Unknown25"]
[Black "Madjrs72"]
[Result "1/2-1/2"]
[WhiteElo "2431"]
[BlackElo "2449"]
[PlyCount "62"]
[EventDate "2021.??.??"]
[EventType "blitz"]

1. e4 e5 2. Nf3 d5 3. Nxe5 Bd6 4. d4 dxe4 5. Nc4 Nf6 6. Be2 O-O 7. O-O Nc6 8.
Nxd6 Qxd6 9. c3 Bf5 10. Bg5 h6 11. Bh4 Nd5 12. Bg3 Nf4 13. Bc4 g5 14. Na3 a6
15. Nc2 Be6 16. d5 Ne5 17. dxe6 Nxc4 18. exf7+ Rxf7 19. b3 Nd2 20. Re1 Qd3 21.
Ne3 Rd8 22. Bxf4 gxf4 23. Qg4+ Kh8 24. Qh5 Rdf8 25. Qxh6+ Kg8 26. Ng4 Qd6 27.
Qh4 Rh7 28. Qg5+ Rg7 29. Qh4 Rh7 30. Qg5+ Rg7 31. Qh4 Rh7 {Normal} 1/2-1/2

[Event "Rated Blitz game"]
[Site "?"]
[Date "2021.10.17"]
[Round "?"]
[White "Nova4430"]
[Black "Schachelite"]
[Result "1-0"]
[WhiteElo "2527"]
[BlackElo "2439"]
[PlyCount "75"]
[EventDate "2021.??.??"]
[EventType "blitz"]

1. e4 e5 2. Nf3 d5 3. exd5 e4 4. Qe2 Nf6 5. Nc3 Be7 6. Nxe4 O-O 7. d3 Re8 8.
Be3 Nxd5 9. c4 Bb4+ 10. Kd1 f5 11. cxd5 fxe4 12. dxe4 Rxe4 13. Nd4 Qxd5 14. Qc4
Be6 15. Qxd5 Bxd5 16. Kc2 c5 17. Nf3 Nc6 18. a3 Ba5 19. Bxc5 Rc8 20. Kd3 Ne5+
21. Nxe5 Rxc5 22. Nf3 Ra4 23. Be2 Bc4+ 24. Ke3 Bb3 25. Rac1 Bb6 26. Rxc5 Bxc5+
27. Kd2 Bxf2 28. Rf1 Bb6 29. Kc3 Bf7 30. Bb5 Rf4 31. Re1 g5 32. Nxg5 Bd4+ 33.
Kc2 Rf2+ 34. Re2 Bg6+ 35. Kb3 Rxe2 36. Bxe2 Kg7 37. Ne6+ Kf6 38. Nxd4 {Normal}
1-0

[Event "Rated Blitz game"]
[Site "?"]
[Date "2021.10.17"]
[Round "?"]
[White "PrivetAntonRostov"]
[Black "Heri72"]
[Result "0-1"]
[WhiteElo "2370"]
[BlackElo "2437"]
[PlyCount "130"]
[EventDate "2021.??.??"]
[EventType "blitz"]

1. e4 e5 2. Nf3 d5 3. Nc3 d4 4. Ne2 f5 5. Ng3 f4 6. Ne2 d3 7. Nc3 dxc2 8. Qxc2
Nc6 9. Bb5 Qd6 10. Nd5 Bg4 11. d4 Bxf3 12. dxe5 Qxe5 13. Bxc6+ bxc6 14. Qxc6+
Kf7 15. Bxf4 Qxe4+ 16. Be3 Qxd5 17. Qxc7+ Be7 18. gxf3 Qxf3 19. Qc4+ Kf8 20.
Rg1 Nf6 21. Rd1 h5 22. Bd4 Qe4+ 23. Kf1 Rd8 24. Rg3 h4 25. Re3 Qg4 26. Rde1
Rxd4 27. Qc7 Rd7 28. Qc8+ Kf7 29. h3 Qh5 30. Qc4+ Qd5 31. Qf4 Rh5 32. Re5 Qd3+
33. Kg2 Rxe5 34. Rxe5 Bd6 35. Qf5 Bxe5 36. Qxd7+ Kg6 37. Qxd3+ Kf7 38. Kf3 g5
39. Qb3+ Kg6 40. Qc2+ Kf7 41. b4 Bf4 42. a4 Nd7 43. b5 Ne5+ 44. Ke4 Nd7 45. Kf5
Nb6 46. Qb3+ Ke7 47. a5 Nd7 48. Qe6+ Kd8 49. Qc6 Bb8 50. Ke6 Nf8+ 51. Kf7 Nd7
52. Ke6 Nf8+ 53. Kd5 Nd7 54. b6 axb6 55. axb6 Bf4 56. b7 Ke7 57. Qe6+ Kd8 58.
Kc6 Nb8+ 59. Kb6 Nd7+ 60. Ka7 Nb8 61. Ka8 Nd7 62. Qd5 Ke7 63. Qd3 Nb6+ 64. Ka7
Nd7 65. Ka6 Nb8+ {Time forfeit} 0-1

[Event "Rated Blitz tournament bI29ro7P"]
[Site "?"]
[Date "2021.10.17"]
[Round "?"]
[White "Sanjaya_BKD"]
[Black "daelovaaa"]
[Result "0-1"]
[WhiteElo "2233"]
[BlackElo "2448"]
[PlyCount "78"]
[EventDate "2021.??.??"]
[EventType "blitz"]

1. e4 e5 2. Nf3 d5 3. d4 dxe4 4. Nxe5 Nd7 5. Nxd7 Bxd7 6. c4 Nf6 7. Nc3 Bb4 8.
Bg5 c6 9. Be2 Qa5 10. Bd2 O-O 11. O-O Rae8 12. a3 Bxc3 13. Bxc3 Qc7 14. Re1 e3
15. fxe3 Rxe3 16. Bf3 Rfe8 17. Rxe3 Rxe3 18. Qd2 Qf4 19. Re1 Rxf3 20. gxf3 Qxf3
21. d5 Ne4 22. Qe3 Qg4+ 23. Kf1 cxd5 24. Re2 f6 25. Ke1 Qh4+ 26. Kd1 Bg4 27.
cxd5 Bxe2+ 28. Qxe2 Kf7 29. Kc2 a6 30. Qc4 Qxh2+ 31. Kb1 Nxc3+ 32. bxc3 Qd6 33.
Kc2 h5 34. Qe4 b5 35. Qf5 g6 36. Qe4 Qe5 37. Qf3 Qf5+ 38. Qxf5 gxf5 39. Kd3 Ke7
{Normal} 0-1

[Event "Rated Blitz game"]
[Site "?"]
[Date "2021.10.17"]
[Round "?"]
[White "EisiAmmel"]
[Black "Sameh76"]
[Result "1-0"]
[WhiteElo "2437"]
[BlackElo "2244"]
[PlyCount "75"]
[EventDate "2021.??.??"]
[EventType "blitz"]

1. e4 e5 2. Nf3 d5 3. d3 dxe4 4. dxe4 Qxd1+ 5. Kxd1 Nc6 6. Bd3 Bg4 7. Nbd2
O-O-O 8. a3 Nd4 9. Ke1 f5 10. Nxe5 fxe4 11. Nxe4 Be6 12. Be3 Nf6 13. Nxf6 gxf6
14. Nf3 Nxf3+ 15. gxf3 Bd5 16. Be4 f5 17. Bxf5+ Kb8 18. Be4 Bg7 19. c3 Rhe8 20.
Rd1 c6 21. Rg1 Be5 22. Bxd5 cxd5 23. h3 d4 24. cxd4 Bxd4 25. Ke2 Bxb2 26. a4 a5
27. f4 Ba3 28. Rb1 Bd6 29. Rg7 Re7 30. Rxe7 Bxe7 31. Rb5 Bd6 32. f5 Bb4 33. Kf3
Rf8 34. Kg4 Re8 35. f6 Re4+ 36. Kf5 Rh4 37. f7 Bf8 38. Bc5 {Normal} 1-0

[Event "Rated Blitz game"]
[Site "?"]
[Date "2021.10.17"]
[Round "?"]
[White "Omegaverde"]
[Black "RCompany_1"]
[Result "0-1"]
[WhiteElo "2493"]
[BlackElo "2456"]
[PlyCount "52"]
[EventDate "2021.??.??"]
[EventType "blitz"]

1. e4 e5 2. Nf3 d5 3. Nxe5 Bd6 4. d4 dxe4 5. Nc4 Be7 6. Be2 Nf6 7. O-O O-O 8.
Be3 Nd5 9. Qd2 f5 10. f4 Nc6 11. c3 Bf6 12. Nba3 Be6 13. Nc2 Nce7 14. Ne5 c6
15. c4 Nxe3 16. Nxe3 Qb6 17. b3 Rad8 18. Rfd1 Bxe5 19. fxe5 f4 20. Nc2 f3 21.
gxf3 exf3 22. Bd3 f2+ 23. Kh1 Nf5 24. Qxf2 Nxd4 25. Nxd4 Rxf2 26. Nxe6 Qe3 {
Normal} 0-1

[Event "Rated Blitz game"]
[Site "?"]
[Date "2021.10.17"]
[Round "?"]
[White "alexreus99"]
[Black "Schachelite"]
[Result "1-0"]
[WhiteElo "2395"]
[BlackElo "2480"]
[PlyCount "55"]
[EventDate "2021.??.??"]
[EventType "blitz"]

1. e4 e5 2. Nf3 d5 3. exd5 e4 4. Qe2 Nf6 5. Nc3 Be7 6. Nxe4 O-O 7. d3 Re8 8.
Be3 Nxd5 9. O-O-O f5 10. Ned2 Nc6 11. c4 Ndb4 12. a3 f4 13. Bxf4 Bf6 14. Ne4 a5
15. axb4 axb4 16. Nxf6+ gxf6 17. Qd2 Bg4 18. d4 Bxf3 19. gxf3 b3 20. Rg1+ Kh8
21. Bd3 Qxd4 22. Bh6 Re7 23. Qc3 Ra1+ 24. Bb1 Qxc3+ 25. bxc3 f5 26. Kb2 Ra6 27.
Bxf5 Na5 28. Rd8+ {Normal} 1-0

[Event "Rated Blitz game"]
[Site "?"]
[Date "2021.10.17"]
[Round "?"]
[White "kutttayy"]
[Black "King_bg03"]
[Result "0-1"]
[WhiteElo "2430"]
[BlackElo "2534"]
[PlyCount "46"]
[EventDate "2021.??.??"]
[EventType "blitz"]

1. e4 e5 2. Nf3 d5 3. Nxe5 Bd6 4. d4 dxe4 5. Bc4 Bxe5 6. dxe5 Qxd1+ 7. Kxd1
Bg4+ 8. Ke1 Nc6 9. h3 Nxe5 10. Bxf7+ Kxf7 11. hxg4 Nxg4 12. Nc3 N8f6 13. Bg5 h6
14. Bf4 c6 15. Ke2 g5 16. Be3 Nxe3 17. Kxe3 Rhe8 18. Rad1 Ng4+ 19. Ke2 e3 20.
Rd7+ Ke6 21. Rxb7 exf2 22. Rb4 Kf5+ 23. Kd1 Rad8+ {Normal} 0-1

[Event "Rated Blitz game"]
[Site "?"]
[Date "2021.10.17"]
[Round "?"]
[White "RiseLikeAPhoenix"]
[Black "Sdjordje12345_s"]
[Result "0-1"]
[WhiteElo "2533"]
[BlackElo "2382"]
[PlyCount "88"]
[EventDate "2021.??.??"]
[EventType "blitz"]

1. e4 e5 2. Nf3 d5 3. exd5 e4 4. Qe2 Nf6 5. d3 Bb4+ 6. c3 O-O 7. dxe4 Bc5 8.
Bg5 Re8 9. Nbd2 Bf5 10. O-O-O Nbd7 11. Qc4 b5 12. Qb3 Bxe4 13. Nxe4 Rxe4 14.
Bd3 Re8 15. Rhe1 Rxe1 16. Rxe1 h6 17. Bh4 b4 18. c4 a5 19. Qc2 a4 20. Qd2 a3
21. b3 Bd6 22. Bf5 Nc5 23. Bg3 Nxb3+ 24. axb3 a2 25. Kb2 Bxg3 26. hxg3 Qd6 27.
Ra1 Qa6 28. Kc1 Qa3+ 29. Qb2 Qa7 30. Qd4 Qa3+ 31. Kc2 Re8 32. g4 Re2+ 33. Nd2
Qa8 34. f4 Qe8 35. g5 Nh5 36. Bd3 Ng3 37. Bxe2 Nxe2 38. Qd3 Nxf4 39. Qf3 Qe5
40. Rxa2 Qxg5 41. Ra8+ Kh7 42. Qe4+ f5 43. Qe8 Qf6 44. Qg8+ Kg6 {Time forfeit}
0-1

[Event "Rated Blitz game"]
[Site "?"]
[Date "2021.10.17"]
[Round "?"]
[White "Picay"]
[Black "yevkool1983"]
[Result "1-0"]
[WhiteElo "2445"]
[BlackElo "2252"]
[PlyCount "89"]
[EventDate "2021.??.??"]
[EventType "blitz"]

1. e4 e5 2. Nf3 d5 3. exd5 e4 4. Qe2 Nf6 5. d3 Qxd5 6. Nbd2 Bf5 7. dxe4 Bxe4 8.
c4 Qf5 9. Nh4 Qe6 10. f3 Bc6 11. Nf5 Qxe2+ 12. Bxe2 Nbd7 13. a3 Ne5 14. b4
O-O-O 15. Bb2 Nd3+ 16. Bxd3 Rxd3 17. O-O-O Bd7 18. Ng3 Ba4 19. Rde1 Bd6 20. Nf5
Bf4 21. Re2 Rhd8 22. Nd4 R8xd4 23. Bxd4 Rxd4 24. g3 Rxc4+ 25. Kb1 Bc2+ 26. Kb2
Bxd2 27. Rxd2 Bf5 28. Re1 Be6 29. g4 h6 30. h3 Nd5 31. Red1 c6 32. Rd4 Ne3 33.
R1d2 Rxd4 34. Rxd4 Kc7 35. Re4 Nd5 36. f4 Kd6 37. f5 Bd7 38. h4 h5 39. gxh5
Bxf5 40. Re8 Nf4 41. Rf8 Ke7 42. Rb8 Nxh5 43. Rxb7+ Kf6 44. Rxa7 Ng3 45. Rc7 {
Time forfeit} 1-0

[Event "Rated Blitz tournament eDRMeYv9"]
[Site "?"]
[Date "2021.10.17"]
[Round "?"]
[White "anwarsoerbakti"]
[Black "Rikoboy"]
[Result "0-1"]
[WhiteElo "2337"]
[BlackElo "2417"]
[PlyCount "84"]
[EventDate "2021.??.??"]
[EventType "blitz"]

1. e4 e5 2. Nf3 d5 3. exd5 e4 4. Qe2 Nf6 5. Nc3 Be7 6. Nxe4 O-O 7. Nxf6+ Bxf6
8. Qd3 Re8+ 9. Be2 Qe7 10. h3 Bf5 11. Qe3 Qd7 12. Qc5 Na6 13. Qc4 b5 14. Qf4
Bxc2 15. Kf1 Nc5 16. d4 Nd3 17. Bxd3 Bxd3+ 18. Kg1 Qxd5 19. Be3 Be4 20. Rc1 c6
21. Rc5 Qxa2 22. Ne5 Bxe5 23. Rxe5 Rxe5 24. Qxe5 Bd5 25. h4 Qxb2 26. Rh3 Qb1+
27. Kh2 Qe4 28. Qg5 h6 29. Qg3 a5 30. Bxh6 Qxd4 31. Be3 Qf6 32. h5 a4 33. h6
Qg6 34. h7+ Kh8 35. Qe5 f6 36. Qc7 a3 37. Rg3 Qf7 38. Qf4 a2 39. Bd4 Qh5+ 40.
Kg1 Qd1+ 41. Kh2 Qh5+ 42. Rh3 Qg5 {Time forfeit} 0-1

[Event "Rated Blitz game"]
[Site "?"]
[Date "2021.10.17"]
[Round "?"]
[White "Patetico"]
[Black "Annali-annaliew1979"]
[Result "1-0"]
[WhiteElo "2683"]
[BlackElo "2522"]
[PlyCount "80"]
[EventDate "2021.??.??"]
[EventType "blitz"]

1. e4 e5 2. Nf3 d5 3. Be2 Nc6 4. exd5 Qxd5 5. Nc3 Qe6 6. d4 exd4 7. Nxd4 Nxd4
8. Qxd4 Nf6 9. Nb5 Bd6 10. Nxd6+ cxd6 11. Be3 O-O 12. O-O Bd7 13. c4 Bc6 14.
Rfe1 Rfe8 15. Bf1 Rad8 16. Bg5 Qxe1 17. Rxe1 Rxe1 18. Bxf6 gxf6 19. Qxf6 Rde8
20. h4 R8e4 21. h5 Rg4 22. f3 Re6 23. Qd8+ Re8 24. Qxe8+ Bxe8 25. fxg4 h6 26.
Kf2 Kg7 27. Ke3 Kf6 28. Kf4 Bc6 29. g3 a5 30. Bd3 d5 31. c5 a4 32. b4 Bd7 33.
b5 Be8 34. a3 Bd7 35. Bf1 Be8 36. Be2 Bd7 37. Bd3 Be8 38. c6 bxc6 39. b6 c5 40.
b7 c4 {Normal} 1-0

[Event "Rated Blitz tournament eDRMeYv9"]
[Site "?"]
[Date "2021.10.17"]
[Round "?"]
[White "tedi04_bcm"]
[Black "om_gendut"]
[Result "0-1"]
[WhiteElo "2211"]
[BlackElo "2412"]
[PlyCount "140"]
[EventDate "2021.??.??"]
[EventType "blitz"]

1. e4 e5 2. Nf3 d5 3. Nxe5 Bd6 4. d4 dxe4 5. Be2 Bxe5 6. dxe5 Qxd1+ 7. Bxd1 Nc6
8. Bf4 Bf5 9. Nc3 O-O-O 10. Be2 Nge7 11. g4 Bg6 12. h4 h5 13. gxh5 Bxh5 14.
Bxh5 Rxh5 15. Nxe4 Nd4 16. Kf1 Ng6 17. Bg3 Nxe5 18. Kg2 f6 19. c3 Nf5 20. Nc5
Rdh8 21. Ne6 Re8 22. Nf4 Rh7 23. Rae1 Rhh8 24. h5 Ng4 25. Rxe8+ Rxe8 26. Nd5 c6
27. Nf4 Ngh6 28. Ng6 Nf7 29. Rd1 Rd8 30. Rxd8+ Kxd8 31. Nf4 Kd7 32. Kf3 b6 33.
Ke4 N7d6+ 34. Kd3 Nh6 35. Ng6 Ndf5 36. Nf4 Nf7 37. Ne2 c5 38. Ke4 Ne7 39. Kf4
Nd5+ 40. Kg4 Ne7 41. Nc1 Nh6+ 42. Kf3 Nhf5 43. Nd3 Kc6 44. Bf4 Kd7 45. Ke4 Ke6
46. Be3 Nd6+ 47. Kf3 Nd5 48. Nf4+ Nxf4 49. Bxf4 Nf7 50. Ke4 a6 51. f3 b5 52.
Be3 Nd6+ 53. Kf4 c4 54. Kg4 Nf5 55. Bd2 Ne7 56. h6 gxh6 57. Bxh6 Nd5 58. Bd2
Nb6 59. Kf4 Na4 60. Ke4 Nxb2 61. Kd4 Kd6 62. Bf4+ Kc6 63. Be3 Nd3 64. Ke4 Ne5
65. Bd4 Nd7 66. Kf5 a5 67. Ke6 b4 68. Bxf6 b3 69. axb3 cxb3 70. Bg5 Nc5+ {
Time forfeit} 0-1

[Event "Rated Blitz tournament eDRMeYv9"]
[Site "?"]
[Date "2021.10.17"]
[Round "?"]
[White "bonsitorus"]
[Black "Rikoboy"]
[Result "0-1"]
[WhiteElo "2477"]
[BlackElo "2421"]
[PlyCount "116"]
[EventDate "2021.??.??"]
[EventType "blitz"]

1. e4 e5 2. Nf3 d5 3. d4 dxe4 4. Nxe5 Bd6 5. Nc4 Nf6 6. Ne3 O-O 7. Be2 Nc6 8.
a3 h6 9. c4 Re8 10. Nc3 a6 11. c5 Bf8 12. O-O b6 13. d5 Ne5 14. c6 Qd6 15. b3
b5 16. a4 b4 17. Na2 Nh7 18. a5 Qg6 19. Kh1 Bd6 20. Bd2 Ng5 21. Bxb4 Ngf3 22.
Bxd6 cxd6 23. gxf3 exf3 24. Rg1 fxe2 25. Qxe2 Qe4+ 26. Rg2 Bh3 27. f3 Bxg2+ 28.
Qxg2 Qxf3 29. Rg1 Qxg2+ 30. Kxg2 Ng6 31. Kf2 Re5 32. Rc1 Rc8 33. Nb4 Ne7 34.
Nxa6 Nxd5 35. Nxd5 Rxd5 36. b4 Rb5 37. Ke3 f5 38. Kd4 d5 39. Rc5 Rxc5 40. Kxc5
f4 41. b5 f3 42. b6 f2 43. b7 Rf8 44. c7 f1=Q 45. b8=Q Qxa6 46. Kxd5 Qxa5+ 47.
Kc6 Qa6+ 48. Kd5 Qc8 49. Qxc8 Rxc8 50. Kd6 g5 51. Kd7 Ra8 52. c8=Q+ Rxc8 53.
Kxc8 h5 54. Kd7 g4 55. Ke6 h4 56. Kf5 g3 57. hxg3 hxg3 58. Kg4 g2 {Normal} 0-1

[Event "Rated Blitz tournament eDRMeYv9"]
[Site "?"]
[Date "2021.10.17"]
[Round "?"]
[White "R-arief"]
[Black "Rikoboy"]
[Result "0-1"]
[WhiteElo "2379"]
[BlackElo "2423"]
[PlyCount "56"]
[EventDate "2021.??.??"]
[EventType "blitz"]

1. e4 e5 2. Nf3 d5 3. d3 dxe4 4. dxe4 Qxd1+ 5. Kxd1 Bg4 6. Be2 Nc6 7. Nc3
O-O-O+ 8. Ke1 Nf6 9. a3 Bc5 10. Be3 Bd4 11. h3 Bxc3+ 12. bxc3 Bh5 13. Bg5 Rhe8
14. Bxf6 gxf6 15. g4 Bg6 16. Bd3 Na5 17. Rb1 c6 18. Ke2 Kc7 19. h4 h5 20. g5 f5
21. exf5 e4 22. fxg6 fxg6 23. Nd4 exd3+ 24. Kd2 Nc4+ 25. Kxd3 Nxa3 26. Rb3 Nb5
27. Kc4 Nd6+ 28. Kd3 c5 {Normal} 0-1

[Event "Rated Blitz game"]
[Site "?"]
[Date "2021.10.17"]
[Round "?"]
[White "MrTarrasch"]
[Black "FourNinetySix"]
[Result "1-0"]
[WhiteElo "2595"]
[BlackElo "2555"]
[PlyCount "69"]
[EventDate "2021.??.??"]
[EventType "blitz"]

1. e4 e5 2. Nf3 d5 3. exd5 Bd6 4. d3 Nf6 5. Bg5 h6 6. Bxf6 Qxf6 7. Nbd2 Nd7 8.
Ne4 Qg6 9. Be2 O-O 10. O-O Be7 11. Kh1 f5 12. Ng3 Bf6 13. c3 Nb6 14. Qb3 Kh8
15. c4 e4 16. dxe4 fxe4 17. Nd2 Bf5 18. Rae1 Be5 19. c5 Nd7 20. c6 Nc5 21. Qc4
b6 22. b4 Qg5 23. bxc5 Qxd2 24. Nxf5 Rxf5 25. Qxe4 Rxf2 26. Bd3 Kg8 27. Qh7+
Kf7 28. Rxf2+ Qxf2 29. Rf1 Qxf1+ 30. Bxf1 bxc5 31. Qf5+ Bf6 32. d6 cxd6 33.
Bc4+ Ke8 34. Qd7+ Kf8 35. Qf7# {Normal} 1-0

[Event "Rated Blitz game"]
[Site "?"]
[Date "2021.10.17"]
[Round "?"]
[White "Etrengereid"]
[Black "staf62"]
[Result "1-0"]
[WhiteElo "2403"]
[BlackElo "2229"]
[PlyCount "79"]
[EventDate "2021.??.??"]
[EventType "blitz"]

1. e4 e5 2. Nf3 d5 3. Nxe5 Qe7 4. d4 f6 5. Nf3 dxe4 6. Ng1 f5 7. Nc3 Nf6 8. Bf4
c6 9. Bc4 Be6 10. d5 cxd5 11. Nxd5 Bxd5 12. Bxd5 Nxd5 13. Qxd5 Qd7 14. Qe5+ Qe7
15. Qxf5 Qd7 16. Qxe4+ Kf7 17. Nf3 Nc6 18. Ng5+ Kf6 19. O-O Re8 20. Qf3 Qf5 21.
Rfe1 Bc5 22. h4 h5 23. Qc3+ Bd4 24. Qd2 Kg6 25. c3 Bf6 26. Rad1 Rd8 27. Qe2
Rxd1 28. Rxd1 Rd8 29. Rxd8 Bxd8 30. Be3 Bf6 31. g3 Ne5 32. Kg2 Bxg5 33. Bxg5
Ng4 34. Qf3 Qxf3+ 35. Kxf3 Ne5+ 36. Ke4 Nc4 37. b3 Nb2 38. f4 Kf7 39. f5 g6 40.
Bf4 {Time forfeit} 1-0

[Event "Rated Blitz tournament eDRMeYv9"]
[Site "?"]
[Date "2021.10.17"]
[Round "?"]
[White "ArfanKhaidar"]
[Black "Rikoboy"]
[Result "0-1"]
[WhiteElo "2211"]
[BlackElo "2404"]
[PlyCount "90"]
[EventDate "2021.??.??"]
[EventType "blitz"]

1. e4 e5 2. Nf3 d5 3. d4 dxe4 4. Nxe5 Bd6 5. Nc3 Bxe5 6. dxe5 Qxd1+ 7. Nxd1 Nc6
8. Nc3 Bf5 9. Bb5 Nge7 10. O-O O-O-O 11. Bg5 h6 12. Bxc6 hxg5 13. Bxe4 Rd2 14.
Rad1 Rhd8 15. Bd3 Bxd3 16. Rxd2 Bxf1 17. Rxd8+ Kxd8 18. Kxf1 Nc6 19. Ne4 Nxe5
20. Nxg5 Ke7 21. b3 a5 22. h3 b5 23. Nf3 Nxf3 24. gxf3 b4 25. Ke2 Kd6 26. Ke3
Kd5 27. f4 c5 28. h4 c4 29. f3 f5 30. h5 Kc5 31. Ke2 Kd4 32. Kd2 Kd5 33. Ke2
Kc5 34. Ke3 Kd5 35. Ke2 Kd4 36. Kd2 Kc5 37. Ke2 Kb5 38. Kd2 a4 39. bxa4+ Kxa4
40. Ke3 Ka3 41. Kd4 c3 42. Kc4 Kxa2 43. Kd4 b3 44. Kxc3 b2 45. Kd4 b1=Q {Normal
} 0-1

[Event "Rated Blitz tournament 3thIViTj"]
[Site "?"]
[Date "2021.10.17"]
[Round "?"]
[White "Guliev_Gasan"]
[Black "Lur15"]
[Result "1-0"]
[WhiteElo "2443"]
[BlackElo "2422"]
[PlyCount "77"]
[EventDate "2021.??.??"]
[EventType "blitz"]

1. e4 e5 2. Nf3 d5 3. d3 dxe4 4. dxe4 Qxd1+ 5. Kxd1 Nc6 6. c3 f5 7. Bd3 Nf6 8.
Re1 f4 9. Bb5 Bd6 10. Bxc6+ bxc6 11. h3 h6 12. Bxf4 exf4 13. e5 Kf7 14. exd6
cxd6 15. Nbd2 d5 16. Ne5+ Kg8 17. Ng6 Rh7 18. Ne7+ Kf7 19. Nxc6 Rh8 20. Ne5+
Kg8 21. Ng6 Rh7 22. Nxf4 g5 23. Ne6 Rb8 24. Nb3 Ne4 25. Ned4 Nxf2+ 26. Kc2 Ne4
27. Rf1 Bd7 28. Rad1 Ba4 29. g4 Rhb7 30. Rf5 Nc5 31. Rxd5 Nxb3 32. axb3 Bxb3+
33. Nxb3 Rxb3 34. Rd8+ Kf7 35. R1d7+ Ke6 36. Rxb8 Rxb8 37. Rxa7 Ke5 38. Rh7 Rb6
39. Rf7 {Normal} 1-0

[Event "Rated Blitz game"]
[Site "?"]
[Date "2021.10.17"]
[Round "?"]
[White "XeC2020"]
[Black "Tristan2020"]
[Result "0-1"]
[WhiteElo "2257"]
[BlackElo "2414"]
[PlyCount "172"]
[EventDate "2021.??.??"]
[EventType "blitz"]

1. e4 e5 2. Nf3 d5 3. Nxe5 Bd6 4. d4 dxe4 5. Nc4 Nf6 6. Nxd6+ Qxd6 7. Bb5+ c6
8. Bc4 Bg4 9. Be2 Bxe2 10. Qxe2 Qxd4 11. O-O Nbd7 12. Rd1 Qe5 13. Nc3 O-O-O 14.
Be3 Nb6 15. Bxb6 axb6 16. Qe3 Kc7 17. a4 Rxd1+ 18. Rxd1 Re8 19. b4 Ng4 20. Qh3
h5 21. Qg3 e3 22. f3 Qxg3 23. hxg3 Nf6 24. Re1 Nd5 25. Nxd5+ cxd5 26. c3 b5 27.
a5 Kd6 28. Kf1 d4 29. cxd4 Kd5 30. Rc1 Kxd4 31. Ke2 Re5 32. Rc7 Re6 33. Rxb7
Kc4 34. Rb6 Re7 35. a6 Ra7 36. Kxe3 Kxb4 37. Kd4 Ka5 38. Kc5 Rxa6 39. Rxb5+ Ka4
40. Rb7 Rg6 41. Kc4 Ka5 42. Kc5 Ka6 43. Rxf7 Rxg3 44. Rf5 g6 45. Rf8 Rxg2 46.
Kc6 Ka5 47. Kc5 Ka4 48. Kc4 Ka3 49. Kc3 Ka2 50. Rf6 Kb1 51. Ra6 Rg3 52. Rb6+
Kc1 53. Kd3 Rxf3+ 54. Ke2 Rg3 55. Kf2 Rg4 56. Rd6 Kc2 57. Ke2 Kc3 58. Ke3 Kc4
59. Kf2 h4 60. Rd1 g5 61. Rd8 Rd4 62. Rc8+ Kd3 63. Kg2 Ke3 64. Rf8 Rg4+ 65. Kh3
Rg3+ 66. Kh2 Ke4 67. Rf1 Rf3 68. Rb1 Kf5 69. Kh1 Kg4 70. Kh2 Rf2+ 71. Kh1 Re2
72. Rg1+ Kf4 73. Rf1+ Kg3 74. Rg1+ Kf4 75. Rf1+ Kg4 76. Rg1+ Kh5 77. Rf1 Re5
78. Kh2 g4 79. Rf8 Rc5 80. Kg2 Kg5 81. Kh2 Rc2+ 82. Kg1 h3 83. Kh1 Kh4 84. Ra8
Rc3 85. Kh2 g3+ 86. Kh1 Rc1# {Normal} 0-1

[Event "Rated Blitz game"]
[Site "?"]
[Date "2021.10.17"]
[Round "?"]
[White "chongxinkaishi"]
[Black "FourNinetySix"]
[Result "0-1"]
[WhiteElo "2375"]
[BlackElo "2538"]
[PlyCount "106"]
[EventDate "2021.??.??"]
[EventType "blitz"]

1. e4 e5 2. Nf3 d5 3. Nxe5 Bd6 4. d4 dxe4 5. Nc3 Bxe5 6. dxe5 Qxd1+ 7. Kxd1 Bf5
8. Nd5 Na6 9. Bxa6 O-O-O 10. Bc4 c6 11. Bg5 Rd7 12. Ke2 cxd5 13. Bb5 Rc7 14.
Rac1 h6 15. Be3 a6 16. Ba4 b5 17. Bb3 Ne7 18. Rhd1 Be6 19. f4 Bg4+ 20. Kf2 Bxd1
21. Rxd1 g6 22. c3 Rd7 23. Bc5 g5 24. g3 gxf4 25. gxf4 Ng6 26. Ke3 Rhd8 27. Bb6
Ne7 28. Bxd8 Kxd8 29. Kd4 Kc7 30. Kc5 e3 31. Re1 Ng6 32. f5 Nxe5 33. Rxe3 f6
34. Bxd5 Rd6 35. Be6 Nd3+ 36. Rxd3 Rxd3 37. h4 Rh3 38. c4 bxc4 39. Bxc4 Rxh4
40. Bxa6 Rh2 41. b4 Rxa2 42. b5 h5 43. b6+ Kb8 44. Bc4 Rc2 45. Kd4 Rxc4+ 46.
Kxc4 h4 47. Kd5 h3 48. Ke6 h2 49. Kxf6 h1=Q 50. Kg6 Qg2+ 51. Kf7 Qd5+ 52. Kg6
Qg8+ 53. Kf6 Qf8+ {Normal} 0-1

[Event "Rated Blitz tournament eDRMeYv9"]
[Site "?"]
[Date "2021.10.17"]
[Round "?"]
[White "Rizky-A"]
[Black "Rikoboy"]
[Result "0-1"]
[WhiteElo "2264"]
[BlackElo "2412"]
[PlyCount "122"]
[EventDate "2021.??.??"]
[EventType "blitz"]

1. e4 e5 2. Nf3 d5 3. Nxe5 Bd6 4. d4 dxe4 5. Nc4 Nf6 6. Nc3 O-O 7. Bg5 Re8 8.
Be2 h6 9. Bh4 Nc6 10. O-O Nxd4 11. Nxd6 Qxd6 12. Bg3 Nxe2+ 13. Qxe2 Qb6 14. Qb5
Be6 15. Rad1 c6 16. Qxb6 axb6 17. a3 b5 18. Rfe1 Bd5 19. Bh4 g5 20. Bg3 Rad8
21. h4 Kh7 22. hxg5 hxg5 23. Bc7 Rd7 24. Bb6 Kg6 25. Bd4 Nh5 26. Bc5 f5 27. g3
Ng7 28. Ne2 Ne6 29. b4 Rh8 30. Kg2 Rdh7 31. Ng1 f4 32. Rxd5 cxd5 33. Rd1 Rh2+
34. Kf1 fxg3 35. fxg3 Nxc5 36. bxc5 Rd8 37. Ne2 Rh1+ 38. Ng1 d4 39. Kg2 Rhh8
40. Ne2 d3 41. cxd3 Rxd3 42. Re1 Rxa3 43. Nd4 Ra2+ 44. Kg1 Rhh2 45. Rxe4 Rhd2
46. Nf3 Rd1+ 47. Ne1 Raa1 48. Kf2 b4 49. Nf3 b3 50. Rb4 Rab1 51. Rxb7 b2 52.
Ne5+ Kf5 53. Nc4 Rf1+ 54. Ke2 Rbe1+ 55. Kd2 b1=Q 56. Rxb1 Rxb1 57. Ne3+ Ke4 58.
Nxf1 Rxf1 59. c6 Rf6 60. c7 Rc6 61. Ke2 Rxc7 {Normal} 0-1